Statistiques concernant Pays commençant par la lettre R

Cliquez ici pour prendre le quiz!

Statistiques générales

  • Ce quiz a été pris 21,437 fois
    (20,106 depuis la dernière actualisation)
  • Le résultat moyen est 6 sur 9

Statistiques - réponses

Pays % Correct
Rwanda
84%
République démocratique du {Congo}
79%
République du {Congo}
79%
Russie
79%
Roumanie
77%
République {tchèque}
63%
République {dominicaine}
57%
République {Centrafricaine}
45%
Royaume-Uni
32%

Distribution des résultats

Percentile by Number Answered

% des personnes avec chaque résultat

Votre développement - résultats

Vous n’avez pas pris ce quiz depuis la dernière actualisation